Подробности
| 000 -МАРКЕР |
| контрольное поле |
03264nam0a2200373 4500 |
| 001 - ИДЕНТИФИКАТОР ЗАПИСИ |
| контрольное поле |
RU\NLR\BIBL_A\016250931 |
| 005 - ИДЕНТИФИКАТОР ВЕРСИИ |
| контрольное поле |
20230428144815.0 |
| 010 ## - МЕЖДУНАРОДНЫЙ СТАНДАРТНЫЙ НОМЕР КНИГИ (ISBN) |
| Номер (ISBN) |
978-5-389-21009-7 |
| Тираж |
7000 |
| 021 ## - НОМЕР ГОСУДАРСТВЕННОЙ РЕГИСТРАЦИИ |
| Код страны |
Российская Федерация |
| Номер |
КН-П-22-086992 |
| Номер Листа государственной регистраци |
КН-П-22-7704 |
| 035 ## - ДРУГИЕ СИСТЕМНЫЕ НОМЕРА |
| Идентификатор записи |
(NLR Aleph) 016250931 |
| 035 ## - ДРУГИЕ СИСТЕМНЫЕ НОМЕРА |
| Идентификатор записи |
(RuMoRGB)011449208 |
| 100 ## - ДАННЫЕ ОБЩЕЙ ОБРАБОТКИ |
| Данные общей обработки |
20221228d2022 u y0rusy50 ca |
| 101 1# - ЯЗЫК РЕСУРСА |
| Язык текста, звукозаписи и т.д. |
русский |
| Язык оригинала |
английский |
| 102 ## - СТРАНА ПУБЛИКАЦИИ ИЛИ ПРОИЗВОДСТВА |
| Страна публикации |
Российская Федерация |
| 105 ## - ПОЛЕ КОДИРОВАННЫХ ДАННЫХ: ТЕКСТОВЫЕ МАТЕРИАЛЫ, МОНОГРАФИЧЕСКИЕ |
| Кодированные данные о монографическом текстовом документе |
y z 000ay |
| 181 #0 - ПОЛЕ КОДИРОВАННЫХ ДАННЫХ: ВИД СОДЕРЖАНИЯ |
| Код вида содержания (ISBD) |
i4 |
| Код характеристики содержания (ISBD) |
axxe |
| 182 #0 - ПОЛЕ КОДИРОВАННЫХ ДАННЫХ: ТИП СРЕДСТВА |
| Код типа средства (ISBD) |
n - непосредственное |
| 200 1# - ЗАГЛАВИЕ И СВЕДЕНИЯ ОБ ОТВЕТСТВЕННОСТИ |
| Основное заглавие |
Уроки химии |
| Сведения, относящиеся к заглавию |
роман |
| Первые сведения об ответственности |
Бонни Гармус |
| Последующие сведения об ответственности |
перевод с английского Елены Петровой |
| 203 ## - ВИД СОДЕРЖАНИЯ И ТИП СРЕДСТВА |
| Вид содержания |
Текст |
| Дополнительные сведения об издании |
визуальный |
| Тип средства |
непосредственный |
| 210 ## - ПУБЛИКАЦИЯ, РАСПРОСТРАНЕНИЕ И ДР. |
| Место издания, распространения и т.д. |
Санкт-Петербург |
| Имя издателя, распространителя и т. д. |
Азбука |
| -- |
Азбука-Аттикус |
| Дата издания, распространения и т.д. |
2022 (макет 2023) |
| 215 ## - ФИЗИЧЕСКАЯ ХАРАКТЕРИСТИКА |
| Специфическое обозначение материала и объем |
509, [1] с. |
| Размеры |
21 |
| 225 1# - СЕРИЯ |
| Основное заглавие серии |
Азбука-бестселлер |
| 225 1# - СЕРИЯ |
| Основное заглавие серии |
Международный бестселлер № 1 |
| 330 ## - РЕЗЮМЕ ИЛИ РЕФЕРАТ |
| Текст примечания |
Все боятся Элизабет Зотт. Кто-то - ее ума, кто-то - остро заточенного карандаша, который она носит в прическе, а кто-то - четырнадцатидюймового ножа из ее сумочки (ведь каждый уважающий себя кулинар пользуется только своими собственными ножами). Причудливый зигзаг судьбы привел ее из Научно-исследовательского института Гастингса, где она мечтала заниматься абиогенезом (теорией возникновения жизни из неорганических веществ), на телевидение, где она ведет самую популярную в стране кулинарную передачу "Ужин в шесть". "Кулинария - это химия, - говорит она. - А химия - это жизнь. Она дает нам возможность изменить все, включая себя". Тем временем ее пятилетняя дочь Мадлен, растущая под присмотром минно-розыскного пса по кличке Шесть-Тридцать, пытается найти в школьной библиотеке Набокова и Нормана Мейлера, а также выстроить родословное древо, на котором должно найтись место и без пяти минут нобелевскому лауреату по химии Кальвину Эвансу, и фее-крестной, и деду в полосатой тюремной робе, и бабке, укрывшейся от налоговой полиции в Бразилии... Впервые на русском! |
| 333 ## - ПРИМЕЧАНИЯ ОБ ОСОБЕННОСТЯХ РАСПРОСТРАНЕНИЯ И ИСПОЛЬЗОВАНИЯ |
| Текст примечания |
16+ |
| 675 ## - УНИВЕРСАЛЬНАЯ ДЕСЯТИЧНАЯ КЛАССИФИКАЦИЯ (UDC/УДК) |
| Индекс |
821.111(73)-31 |
| Издание |
4 |
| 686 1# - ИНДЕКСЫ ДРУГИХ КЛАССИФИКАЦИЙ |
| Индекс |
Ш6(7США)67-440.4{Лх1979-50} |
| 700 #1 - ИМЯ ЛИЦА - ПЕРВИЧНАЯ ОТВЕТСТВЕННОСТЬ |
| Начальный элемент ввода |
Гармус |
| Часть имени, кроме начального элемента ввода |
Б. |
| Расширение инициалов личного имени |
Бонни |
| Идентификатор авторитетной/нормативной записи |
RU\NLR\AUTH\770255575 |
| 942 ## - ДОПОЛНИТЕЛЬНЫЕ ЭЛЕМЕНТЫ ЗАПИСИ (АБИС) |
| Тип экземпляра АБИС |
Книга |
| 980 ## - КОЛЛЕКЦИЯ |
| Название коллекции |
Национальная библиография |